000 01386cam a22002054a 4500
005 20250605164142.0
008 250528s ||||||||||||||||||||||||d
035 _a19018
020 _a960854324X
040 _aGR-AtMCL
_bgre
_dGR-AtMCL
_eAACR2
245 1 _aΛογιστική Κόστους / Λογιστική του Προκαθορισμένου Κόστους: Τεύχος ΙΙ
260 _bΘεσσαλονίκη,
_c1978
300 _a168
505 0 _aΠρόλογος, Εισαγωγή, Το Κατ' Εκτίμηση Κόστος και η Λογιστική του, Ο Προγραμματισμός και ο Έλεγχος της Δράσεως των Επιχειρήσεων μέσω των Προϋπολογισμών - Προϋπολογιστικό Κόστος, Στοιχεία Λογιστικής Πρότυπου Κόστους.
520 _aΠρόλογος, Εισαγωγή, Το Κατ' Εκτίμηση Κόστος και η Λογιστική του, Ο Προγραμματισμός και ο Έλεγχος της Δράσεως των Επιχειρήσεων μέσω των Προϋπολογισμών - Προϋπολογιστικό Κόστος, Στοιχεία Λογιστικής Πρότυπου Κόστους.
700 1 _aΙγνατιάδης Αριστοκλής
_95298
942 _cBK
999 _c4307
_d4307